Retailing Management (Record no. 2900)

MARC details
000 -LEADER
fixed length control field 00392nam a2200181Ia 4500
008 - FIXED-LENGTH DATA ELEMENTS--GENERAL INFORMATION
fixed length control field 221030s9999 xx 000 0 und d
020 ## - INTERNATIONAL STANDARD BOOK NUMBER
ISBN 0070264376
041 ## - LANGUAGE CODE
Language code of text/sound track or separate title
082 ## - DEWEY DECIMAL CLASSIFICATION NUMBER
Classification number 105.23
100 ## - MAIN ENTRY--AUTHOR NAME
Personal name M. Levy
245 #0 - TITLE STATEMENT
Title Retailing Management
250 ## - EDITION STATEMENT
Edition statement 6th
260 ## - PUBLICATION, DISTRIBUTION, ETC. (IMPRINT)
Name of publisher TMH
Place of publication New Delhi
Year of publication 2008
300 ## - PHYSICAL DESCRIPTION
Number of Pages 776
650 ## - SUBJECT ADDED ENTRY--TOPICAL TERM
Topical Term Management
700 ## - ADDED ENTRY--PERSONAL NAME
Personal name B. A. Weitz
942 ## - ADDED ENTRY ELEMENTS (KOHA)
Koha item type Books
Holdings
Accession Number Cost, normal purchase price Full call number Price effective from Koha item type Withdrawn / writtenoff status Materials specified (bound volume or other part) Damaged status Not for loan Permanent Location Current Location Shelving location Date acquired Lost/ Missing status department Bill Date Source of acquisition
MBA 1188 510.00 105.23 10/30/2022 Books   Print     MIET Library, Jammu MIET Library, Jammu BL-Academic Block B, FL-1, CUP-115, SH-5, R-5 11/17/2008   MBA    
MBA 1189   105.23 10/30/2022 Books   Print     MIET Library, Jammu MIET Library, Jammu 115/5 11/17/2008   MBA    
MBA 1395 510.00 105.23 10/30/2022 Books   Print     MIET Library, Jammu MIET Library, Jammu BL-Academic Block B, FL-1, CUP-115, SH-5, R-5 02/22/2010   MBA 109 Durga Books, Amritsar
MBA 1396 510.00 105.23 10/30/2022 Books   Print     MIET Library, Jammu MIET Library, Jammu BL-Academic Block B, FL-1, CUP-115, SH-5, R-5 02/22/2010   MBA 109 Durga Books, Amritsar
MBA 1397 510.00 105.23 10/30/2022 Books   Print     MIET Library, Jammu MIET Library, Jammu BL-Academic Block B, FL-1, CUP-115, SH-5, R-5 02/22/2010   MBA 109 Durga Books, Amritsar
MBA 1398 510.00 105.23 10/30/2022 Books   Print     MIET Library, Jammu MIET Library, Jammu BL-Academic Block B, FL-1, CUP-115, SH-5, R-5 02/22/2010   MBA 109 Durga Books, Amritsar